header

Acts in its ancient literary context (Record no. 127223)

MARC details
000 -LEADER
fixed length control field 01632nam a2200397 a 4500
082 04 - DEWEY DECIMAL CLASSIFICATION NUMBER
Classification number 226.6/066
100 1# - MAIN ENTRY--AUTHOR NAME
Personal name Alexander, Loveday.
245 10 - TITLE STATEMENT
Title Acts in its ancient literary context
260 ## - PUBLICATION, DISTRIBUTION, ETC. (IMPRINT)
Place of publication New York :
Name of publisher T & T Clark International,
Year of publication c2005.
300 ## - PHYSICAL DESCRIPTION
Number of Pages xi, 290 p. :
Other physical details ill., maps.
490 1# - SERIES STATEMENT
Series statement T & T Clark biblical studies
Series statement Early Christianity in context ;
500 ## - GENERAL NOTE
General note Paperback edition 2007.
856 40 - ELECTRONIC LOCATION AND ACCESS
Uniform Resource Identifier http://site.ebrary.com/lib/rucke/Doc?id=10490261

No items available.

© 2026 Rongo University
Contact us: librarian | system librarian | Rongo university